Nonlinear ordinary differential equations : (Record no. 29737)
[ view plain ]
| 000 -LEADER | |
|---|---|
| fixed length control field | 00795 a2200205 4500 |
| 020 ## - INTERNATIONAL STANDARD BOOK NUMBER | |
| International Standard Book Number | 0199208247 |
| 020 ## - INTERNATIONAL STANDARD BOOK NUMBER | |
| International Standard Book Number | 9780199208241 |
| 082 ## - DEWEY DECIMAL CLASSIFICATION NUMBER | |
| Classification number | 515.352 |
| 090 ## - LOCALLY ASSIGNED LC-TYPE CALL NUMBER (OCLC); LOCAL CALL NUMBER (RLIN) | |
| -- | 1122 |
| -- | 1122 |
| 100 1# - MAIN ENTRY--PERSONAL NAME | |
| Personal name | Jordan, Dominic. |
| 245 10 - TITLE STATEMENT | |
| Title | Nonlinear ordinary differential equations : |
| Remainder of title | an introduction for scientists and engineers / |
| Statement of responsibility, etc. | Dominic Jordan, Peter Smith. |
| 250 ## - EDITION STATEMENT | |
| Edition statement | 4th ed. |
| 260 ## - PUBLICATION, DISTRIBUTION, ETC. | |
| Place of publication, distribution, etc. | [S.l.] : |
| Name of publisher, distributor, etc. | Oxford University Press, USA, |
| Date of publication, distribution, etc. | 2007. |
| 300 ## - PHYSICAL DESCRIPTION | |
| Extent | 560 p. ; |
| Dimensions | 25 cm. |
| 490 1# - SERIES STATEMENT | |
| Series statement | Oxford texts in applied and engineering mathematics. |
| 700 1# - ADDED ENTRY--PERSONAL NAME | |
| Personal name | Smith, Peter. |
| 830 #0 - SERIES ADDED ENTRY--UNIFORM TITLE | |
| Uniform title | Oxford texts in applied and engineering mathematics. |
| 942 ## - ADDED ENTRY ELEMENTS (KOHA) | |
| Institution code [OBSOLETE] | SNS |
| Koha item type | Book |
| Call number prefix | 515.352 JOR |
| Withdrawn status | Lost status | Damaged status | Not for loan | Permanent Location | Current Location | Date acquired | Total Checkouts | Full call number | Barcode | Date last seen | Date last checked out | Price effective from | Koha item type |
|---|---|---|---|---|---|---|---|---|---|---|---|---|---|
| School of Natural Sciences (SNS) | School of Natural Sciences (SNS) | 05/26/2016 | 2 | 515.352 JOR | SNS0001626 | 02/12/2021 | 01/16/2020 | 05/26/2016 | Book |
